00911nam a2200265Ia 450000500170000000800410001702000180005810000440007624500670012025000360018730000260022349000230024950000420027253400160031465000330033065000370036365000340040070000340043426400430046833600270051133700330053833800280057104000350059908400110063420220317001521.0161108s2016 ck g 000 f s  a97895889254311 aTolstoi, León Nikolayevichd1828-191010aGuerra y pazcLev Tolstói ; traducción de Gala Arias Rubio a1a. edición, 1a reimpresión a1174 páginasc19 cm aPenguin clásicos aIncluye datos biográficos del autor tVoina i mir142LEMBaNovela rusaySiglo XIX142LEMBaLiteratura rusaySiglo XIX142LEMBaGuerra en la literatura1 aArias Rubio, Galaetraductora aBogotábPenguin Random Housec[2016] atextobtxt2rdacontent asin mediaciónbn2rdamedia avolumenbnc2rdacarrier aCO-BoRNBPbspaerdacCO-BoRNBP aN TOL1